01335nam a2200169 45000010006000000050017000060100018000230900010000410990006000511000041000572000041000982140028001393300877001676100038010447000017010829950066010991407820260422183321.0 a9782842609917 a14078 o0 a20260417d u||y0frey50 ba aLaetitia / IndignbLIVRfHugo Jannet cEditions théâtrales a« Le jour où t'entendras un maçon sur France Inter parler d'son taf, j'te file un RTT.» Hugo Jannet donne la parole aux marginaux, aux laissés-pour-compte d'un capitalisme écrasant, à ceux dont on dit qu'ils « ne sont rien », et dont les productions culturelles préfèrent rire. Deux textes percutants, âpres, à la langue musicale tissée d'argots, entre théâtre politique et récit intime. Laetitia Laetitia raconte à son petit frère sa précarité, le CAP peinture qu'elle doit suivre en attendant son procès, les conflits et soucis du quotidien, sa dépendance à la drogue, mais aussi la tendresse et la lumière Indigne Dans Indigne, c'est un petit entrepreneur en bâtiment qui monologue devant son jeune employé, faisant apparaître la rudesse de ses journées et sa lucidité sur les contradictions de la société. aprécaritéaartisanapolitique aJannetbHugo 2052026-04-17913969cJOLfJOL-007779kTH JAN 1o0bJOLrLIVR